000
00312nam a2200121Ia 4500
008
190216s9999||||xx |||||||||||||| ||und||
100
_a
Mark Twain
245
4
_a
The Adventures Of Tom Sawyer
260
_b
The Macmillian Co. Of India Ltd
_c
1979
300
_a
158p
650
_a
English Short Stories
942
_c
BK
999
_c
13014
_d
13014